| 000 | 00731nam a2200229Ia 4500 | ||
|---|---|---|---|
| 001 | 9864 | ||
| 003 | GE_BSU | ||
| 008 | 181216s||||||||xx |||||||||||||| ||und|| | ||
| 040 | _cGE_BSU | ||
| 080 | _a821.353.1-1 | ||
| 100 | _aნონეშვილი,იოსებ | ||
| 245 | _aლირიკა | ||
| 245 | _bლექსები | ||
| 245 | _cრედ:ლ.სულაბერიძე; მხატვ:თ.სამსონიძე. | ||
| 260 | _aთბილისი | ||
| 260 | _bლიტერატურა და ხელოვნება. | ||
| 260 | _c1966 | ||
| 300 | _a233გვ;16სმ. | ||
| 300 | _b1ფ.პორტრ. | ||
| 653 | _aლირიკა:ლექსები | ||
| 942 | _cBK | ||
| 999 |
_c43143 _d43143 |
||